000 00472nam a22001931a 4500
001 6156
003 OSt
005 20260204212041.0
008 060310s2000||||mx ||||||b||||||||||spa||
020 _a970703707
050 _a650 S98p
100 _aStutely, Richard
245 _aPlan de negocios la estrategia inteligente / Richard Stutely
264 _aMéxico : Pearson Educación
300 _a304 p
500 _aDonado
650 _a1.NegociosÌ
942 _2ddc
_cBK
999 _c6156
_d6156